| 000 | 01127nam a2200313 a 4500 | ||
|---|---|---|---|
| 001 | 4468725 | ||
| 003 | OSt | ||
| 005 | 20160310145423.0 | ||
| 008 | 951124s1993 lo b f001 0 eng | ||
| 010 | _a 95980883 | ||
| 020 | _a9991131051 | ||
| 040 |
_aDLC _cDLC |
||
| 042 | _alcode | ||
| 043 | _af------ | ||
| 050 | 0 | 0 |
_aZ7164.L6 _bB45 1993 _aJC599.A36 |
| 082 |
_a016 _bBEL 1993 |
||
| 100 | 1 |
_aBelay, Kesete. _97281 |
|
| 245 | 1 | 0 |
_aHuman rights and refugees in Africa : _ban annotated bibliography / _cKesete Belay. |
| 260 |
_aRoma, Lesotho : _bInstitute of Southern African Studies, National University of Lesotho, _c1993. |
||
| 300 |
_a139 p. ; _c21 cm. |
||
| 490 | 1 |
_aHuman and peoples' rights monograph series ; _vno. 11 |
|
| 500 | _aIncludes indexes. | ||
| 650 | 0 |
_aHuman rights _zAfrica _xBibliography. _97282 |
|
| 650 | 0 |
_aRefugees _zAfrica _xBibliography. _97283 |
|
| 830 | 0 |
_aISAS human and people's rights monograph ; _vno. 11. _97284 |
|
| 906 |
_a7 _bcbc _corigode _d2 _encip _f19 _gy-gencatlg |
||
| 942 |
_2ddc _cSLOAN |
||
| 999 |
_c3237 _d3237 |
||